| 000 | 00535nam a2200205Ia 4500 | ||
|---|---|---|---|
| 003 | GCL | ||
| 008 | 140319s9999 xx 000 0 eng d | ||
| 040 |
_aGCL / _cGCL |
||
| 082 | 0 | 4 |
_a759.44 _bB L |
| 100 | 1 | _aDEON, MICHEL | |
| 245 | 1 | 0 |
_aLES LIEUX D'ORIGINE PLACES OF ORIGIN: BANCOMPAIN / _cDEON, MICHEL |
| 700 | 1 | _aBORGEAUD, GEORGES | |
| 260 |
_a[S.N] : _bFRAGMENTS ، _c1997 |
||
| 300 | _a189 P | ||
| 650 | 0 | 4 | _aARTS |
| 650 | 0 | 4 | _aPAINTING |
| 650 | 0 | 4 | _aPAINTERS - BIOGRAPHY |
| 650 | 0 | 4 | _aBONCOMPAIN, PIERRE |
| 942 |
_2ddc _cBK |
||
| 999 |
_c16453 _d16453 |
||